Orgs by Esport - Statistics

General Stats
  • This quiz has been taken 96 times
    29 since last reset
  • The average score is 6 of 17
Answer Stats
# Wins Esport Answer % Correct
5 World Championships League of Legends T1
90%
2 World Championships Rocket League Team Vitality
83%
4 Majors CS:GO Astralis
62%
2 Overwatch Leagues Overwatch San Francisco Shock
55%
2 World Championships Rocket League NRG
52%
2 World Championships Rocket League Team BDS
52%
2 The Internationals Dota 2 Team Liquid
48%
2 Six Invitationals Rainbow Six Siege G2 Esports
45%
2 The Internationals Dota 2 OG
34%
2 The Internationals Dota 2 Team Spirit
34%
1 Championship Apex Legends TSM
24%
3 World Champion Cups Arena of Valor Wolves
7%
1 Championship Apex Legends DarkZero Esports
3%
2 World Series Free Fire EVOS Phoenix
3%
1 Championship Apex Legends GoNext Esports
3%
3 World Champion Cups Arena of Valor eStar Pro
0%
2 Arena World Championships World of Warcraft Method
0%
No matching quizzes found
Score Distribution
Percent of People with Each Score
Percentile by Number Answered
Your Score History
You have not taken this quiz since the last reset